000 02100cab a2200277 ab4500
005 20241105125728.0
008 991125c2016 sp tr p o 000 0 spa d
035 _aUPN01000228514
040 _aMX-MxUPN
_bspa
_cMX-MxUPN
_eaacr2
049 _aART-E
100 1 _aLópez Manjón, Asunción
_6- asuncion.lopez.manjon@uam.es
100 1 _aPostigo, Yolanda
245 1 0 _a¿Qué libro de texto elegir? :
_bla competencia visual en las actividades con imágenes
506 0 _aAcceso abierto
520 3 _aEl objetivo de este artículo es aportar criterios para ayudar a la selección de libros de texto poniendo el foco en el análisis de la competencia gráfica o visual fomentada en sus actividades. Los criterios son puestos a prueba a través de la comparación de libros de Primaria de diferentes editoriales españolas, analizando cómo se trabaja la competencia visual en las actividades de las unidades didácticas sobre el cuerpo humano. Los criterios estudiados son: tipo de tarea, procedimientos implicados, nivel de procesamiento cognitivo y pautas de enseñanza para trabajar la imagen. Una de las editoriales destaca frente a las demás por ser la que mejor promueve la alfabetización gráfica en las actividades sobre el cuerpo humano y también se analizan las distintas contribuciones de las otras editoriales. Aunque los criterios propuestos ayudan a la selección del libro de texto más adecuado desde el punto de vista de la competencia gráfica, también ponen de manifiesto la necesidad de cambiar la concepción y uso de las imágenes como herramienta de aprendizaje. Eureka
653 0 _aEnseñanza de las ciencias
653 0 _aLibros de texto
653 0 _aImágenes
653 0 _aEducación primaria
773 _gVol. 13, no. 1 (2016), p. 84-101
_tRevista Eureka sobre enseñanza y divulgación de las ciencias
_x1697-011X
856 4 _uhttps://revistas.uca.es/index.php/eureka/article/view/2954
856 4 _uhttp://dx.doi.org/10.25267/Rev_Eureka_ensen_divulg_cienc.2016.v13.i1.07
902 _aLeonor Sotres/051124
905 _aArticulo
942 _cART-E
999 _c200609
_d200609